00632nam a22001577a 450000500170000000800410001702000150005804100130007308200140008610000690010024501870016925000180035626000450037430000300041965000250044920240115062647.0231102b |||||||| |||| 00| 0 eng d a0702125482 aEnglish  a346.6 HAH aPretorius, JT, Delport, PA, Havenga, M and Vermaas, M lEnglish  aHahlo's South African Company Law through the cases : bA collection of cases on company law, with explanatory notes and comments /cJT Pretorius, PA Delport, M Havenga and M Vermaas aFifth Edition aCape Town :bJuta and Company Ltd,c1991 bliv, 765 pages ; c26 cm. aLegal practice bLaw